Populistische Rhetorik der Freiheitlichen Partei Österreichs diplomová práca

Enregistré dans:
Détails bibliographiques
Auteur principal: Vlčáková, Paulina
Collectivité auteur: Fakulta aplikovaných jazykov EU v Bratislave. Katedra interkultúrnej komunikácie
Autres auteurs: Štefančík, Radoslav, 1976-
Format: Livre
Langue:allemand
Publié: Bratislava 2025
Tags: Ajouter un tag
Pas de tags, Soyez le premier à ajouter un tag!

MARC

LEADER 00000nbm a2200000 4500
001 0308978
005 20260211121013.7
041 0 |a ger 
044 |a SK 
245 1 0 |a Populistische Rhetorik der Freiheitlichen Partei Österreichs  |b diplomová práca  |c Paulina Vlčáková ; školiteľ: Radoslav Štefančík 
264 1 |a Bratislava  |c 2025 
300 |a 79 s. 
100 1 |a Vlčáková, Paulina 
700 1 |a Štefančík, Radoslav, 1976- 
710 2 |a Fakulta aplikovaných jazykov EU v Bratislave. Katedra interkultúrnej komunikácie